000
00352nam a2200169Ia 4500
003
IT-RoPAU
008
120407s9999 xx 000 0 und d
040
_a
IT-RoPAU
040
_c
IT-RoPAU
100
_a
Kurt Dieman
245
_a
Ludwig van Beethoven
260
_a
Herder
300
_c
cm
490
_v
1
700
_a
Erich Lessing
942
_c
BK
999
_c
6771
_d
6771